| 000 | 00560nam a2200193Ia 4500 | ||
|---|---|---|---|
| 001 | 20130 | ||
| 003 | GE_BSU | ||
| 008 | 181216s||||||||xx |||||||||||||| ||und|| | ||
| 040 | _cGE_BSU | ||
| 245 | _aГосударство и право. №1. 2017.Январь | ||
| 245 | _cГл.ред.А.С.Автономов | ||
| 260 | _aМосква | ||
| 260 | _c2017 | ||
| 300 | _a127 стр. 28см. | ||
| 653 | _aГосударство и право.№1. 2017.Январь | ||
| 653 | _aПериодика | ||
| 653 | _aპერიოდიკა | ||
| 942 | _cCR | ||
| 999 |
_c53092 _d53092 |
||